Livro livre (Registo nº 35234)

Detalhes MARC
000 -Etiqueta do registo
Valores 01007nam a2200289 4500
010 ## - Número ISBN
ISBN 9789899757943
021 ## - Número do Depósito Legal
Código do país Portugal
Número 373061/14
100 ## - Dados gerais de processamento
Dados gerais 20221020 frey50
101 0# - Língua de publicação
Língua Português
102 ## - País de publicação
País Portugal
200 1# - Titulo e menção de responsabilidade
Título próprio Livro livre
Primeira menção de responsabilidade Francisco Bairrão Ruivo
Outras menções de responsabilidade il. Danuta Wojciechowska, Joana Paz
-- cons. pedagógica Maria Emília Brederode Santos
-- rev. Dulce Gonçalves
210 #9 - Publicação
Local de publicação Lisboa
Nome do editor Lupa,
Data de publicação 2014
215 ## - Descrição física 
Paginação / Volumes 95, [1] p.
Outras indicações físicas il.
Dimensões 21 cm
675 ## - CDU
Notação 087.5
Edição BN
Língua por
675 ## - CDU
Notação 94(469)"1975/2012"(0.053.5)
Edição BN
Língua por
675 ## - CDU
Notação 316.42(469)(091)(0.053.5)
Edição BN
Língua por
700 #1 - Autor principal
Apelido Ruivo,
Nome Francisco Bairrão,
Datas 1981-
701 #1 - Autor co-responsavel
Apelido Paz,
Nome Joana
Função Ilustrador
701 #1 - Autor co-responsavel
Apelido Wojciechowska,
Nome Danuta,
Datas 1960-
Função Ilustrador
ID Autoridade 2379
702 #1 - Autor secundário
ID Autoridade 2
Apelido Gon—calves,
Nome Dulce
702 #1 - Autor secundário
Apelido Santos,
Nome Maria Emília Brederode
Função Orientador científico
801 #0 - Fonte de origem
País PT
Agência BN
Regras de catalogação RPC
856 41 - Localização e acesso electrónico 
URL <a href="http://rnod.bnportugal.gov.pt/ImagesBN/winlibimg.aspx?skey=&doc=1874062&img=43107&save=true">http://rnod.bnportugal.gov.pt/ImagesBN/winlibimg.aspx?skey=&doc=1874062&img=43107&save=true</a>
090 ## - Tipo de documento
Koha biblioitem number (autogenerated) 35234
990 ## - Elementos KOHA
Tipo de documento Livro
994 ## - Estado da catalogação
Situação Completo
Exemplares
Situação do levantamento Situação do extravio Biblioteca de origem Biblioteca de empréstimo Código de barras Cota Permissão de empréstimo Tipo de documento Forma de aquisição
  Completo Biblioteca da Escola Básica de Aguiar Biblioteca da Escola Básica de Aguiar 656 BA 087.5 RUI Disponível Livro  




Powered by Koha